Совершенствование курсового проектирования электрической части станций и подстанций; Современные техника и технологии; Т. 1

Bibliographische Detailangaben
Parent link:Современные техника и технологии: 13-я Международная научно-практическая конференция студентов, аспирантов и молодых ученых, г. Томск, 26-30 марта 2007 г./ Томский политехнический университет (ТПУ).— , 2007
Т. 1.— 2007.— С. 27-28
1. Verfasser: Горшков А. А.
Weitere Verfasser: Шлидт Е. А., Космынина Н. М. Нина Михайловна
Sprache:Russisch
Veröffentlicht: 2007
Schlagworte:
Format: MixedMaterials Buchkapitel
KOHA link:https://koha.lib.tpu.ru/cgi-bin/koha/opac-detail.pl?biblionumber=216570

MARC

LEADER 00000naa2a2200000 4500
001 216570
005 20240219162648.0
035 |a (RuTPU)RU\TPU\book\236542 
090 |a 216570 
100 |a 20120527d2007 k y0rusy50 ca 
101 0 |a rus 
102 |a RU 
200 1 |a Совершенствование курсового проектирования электрической части станций и подстанций  |f А. А. Горшков, Е. А. Шлидт, Н. М. Космынина 
320 |a Библиогр.: 3 назв. 
461 0 |0 (RuTPU)RU\TPU\book\136926  |t Современные техника и технологии  |o 13-я Международная научно-практическая конференция студентов, аспирантов и молодых ученых, г. Томск, 26-30 марта 2007 г.  |o труды в 3 т.  |f Томский политехнический университет (ТПУ)  |d 2007 
463 0 |0 (RuTPU)RU\TPU\book\168908  |t Т. 1  |v С. 27-28  |d 2007  |p 547 с. 
610 1 |a курсовое проектирование 
610 1 |a электрические станции 
610 1 |a электрические подстанции 
610 1 |a электрическая часть 
610 1 |a электронные документы 
610 1 |a компьютерное проектирование 
610 1 |a труды учёных ТПУ 
700 1 |a Горшков  |b А. А. 
701 1 |a Шлидт  |b Е. А. 
701 1 |a Космынина  |b Н. М.  |c специалист в области электроэнергетики  |c доцент Томского политехнического университета, кандидат технических наук  |f 1953-  |g Нина Михайловна  |3 (RuTPU)RU\TPU\pers\26575  |9 12264 
801 1 |a RU  |b 63413507  |c 20120527 
942 |c BK